Witamy w Bibliotece Naukowej Instytutu Łączności!

Ionospheric Radio / (Rekord nr 17802)

000 -LEADER
fixed length control field 00348 a2200109 4500
020 ## - INTERNATIONAL STANDARD BOOK NUMBER
International Standard Book Number 9780863411861
100 1# - MAIN ENTRY--PERSONAL NAME
Personal name Davies, Kenneth.
Relator term Autor
245 0# - TITLE STATEMENT
Title Ionospheric Radio /
Statement of responsibility, etc Davies Kenneth.
260 ## - PUBLICATION, DISTRIBUTION, ETC. (IMPRINT)
Place of publication, distribution, etc London :
Name of publisher, distributor, etc IET,
Date of publication, distribution, etc 1990.
300 ## - PHYSICAL DESCRIPTION
Extent XX, 580 s.:
Other physical details il.;
Dimensions 25 cm.
710 2# - ADDED ENTRY--CORPORATE NAME
Corporate name or jurisdiction name as entry element The Institution of Engineering and Technology.
Relator term Wydawca
Relator code pbl
920 ## -
-- 978-0-86341-186-1
Egzemplarze
Withdrawn status Lost status Damaged status Not for loan Permanent Location Current Location Shelving location Date acquired Cost, normal purchase price Inventory number Total Checkouts Full call number Barcode Checked out Date last seen Date checked out Price effective from Koha item type
        Instytut Łączności Instytut Łączności Magazyn 2009-02-17 360.56 40040 1 40040 40040 2018-12-01 2019-12-03 2018-04-20 2017-11-30 Książki

Działa dzięki Koha